000 00860nam a2200253 a 4500
001 BRCA_4786
005 20190320204815.0
008 111010s1994----sp-#######---#000-0#spa-#
020 _a848833303X
041 _aspa
044 _asp
050 4 _aPN710
_b.F84 1994
100 1 _aFuentes, Carlos
_95026
245 1 0 _aCervantes o la crítica de la lectura
_cCarlos Fuentes.
260 _aAlcalá de Henares [Madrid]
_bCentro de Estudios Cervantinos
_c1994
300 _a113 p.
_c22 cm.
440 0 _aBiblioteca de Estudios Cervantinos
_v1
_912110
504 _aBibliografía: p. [115-121]
600 1 4 _aCervantes Saavedra, Miguel de
_d1547-1616
_tDon Quixote.
_912111
600 1 4 _aCervantes Saavedra, Miguel de
_d1547-1616
_xCritíca e interpretación
_912112
650 1 4 _aLiteratura moderna
_xHistoria y crítica
_912113
902 _aCERV
942 _2lcc
_cB
999 _c4483
_d4483